MARC

LEADER 00000nas a2200000 a 4500
001 ssj0020251
003 WaSeSS
005 20200512172242.0
006 m d
007 cr n
008 010122d20022003vaubr pss 0 a0eng c
010 |a  2002211780 
022 |a 1542-8125  |l 1542-8117  |y 1542-8117 
035 |a (WaSeSS)ssj0020251 
037 |b AIHA Journal, Dept. 796, Alexandria, VA 22334-0796 
040 |a DNB  |b eng  |c DNB  |d OCLCQ  |d NSD  |d OCLCQ  |d PIT  |d CDS  |d SBH  |d DLC  |d PFM  |d OCLCQ  |d GBT  |d DLC  |d OCLCQ  |d OCLCO  |d OCLCF  |d OCLCO  |d OCLCQ  |d TOF  |d U3W  |d OCLCO  |d AU@  |d OCLCO  |d WYU  |d OCLCO  |d OCLCA  |d TKN  |d OCLCO  |d OCLCA  |d VT2  |d OCLCO  |d OCLCA  |d WaSeSS 
042 |a pcc  |a nsdp 
050 1 4 |a RC963 
082 1 0 |a 613  |2 13 
130 0 |a AIHA journal (Online) 
210 0 |a AIHA j.  |b (Online) 
222 0 |a AIHA journal  |b (Online) 
245 1 0 |a AIHA journal  |h [electronic resource]. 
246 3 |a American Industrial Hygiene Association journal 
260 |a [Fairfax, VA] :  |b American Industrial Hygiene Association,  |c 2002-2003. 
310 |a Bimonthly 
362 0 |a Vol. 63, no. 1 (Jan./Feb. 2002)-v. 64, no. 6 (Nov./Dec. 2003). 
500 |a Title from article PDF (Taylor & Francis Web site, viewed May 12, 2006). 
506 |a License restrictions may limit access. 
538 |a Mode of access: World Wide Web. 
580 |a Merged with: Applied occupational and environmental hygiene (Online), to form: Journal of occupational and environmental hygiene. 
650 0 |a Medicine, Industrial  |v Periodicals. 
650 0 |a Industrial hygiene  |v Periodicals. 
650 7 |a Industrial hygiene.  |2 fast  |0 (OCoLC)fst00971122 
650 7 |a Medicine, Industrial.  |2 fast  |0 (OCoLC)fst01015256 
650 1 2 |a Occupational Health. 
650 2 2 |a Environmental Health. 
650 2 2 |a Occupational Medicine. 
655 0 |a Electronic journals. 
710 2 |a American Industrial Hygiene Association. 
776 1 |t AIHA journal  |x 1542-8117  |w (DLC) 2002245150  |w (OCoLC)49057801 
780 0 0 |t AIHAJ (Online)  |x 2163-3711  |w (DLC) 2006266557  |w (OCoLC)60618442 
785 1 7 |t Applied occupational and environmental hygiene (Online)  |x 1521-0898  |w (DLC)sn 08001138  |w (OCoLC)38524806 
785 1 7 |t Journal of occupational and environmental hygiene (Online)  |x 1545-9632  |w (DLC) 2003215653  |w (OCoLC)52827444 
856 4 0 |z Full text available from Research Library: 2002 to 2003  |u https://search.proquest.com/publication/27378